000 00956nam a2200289 i 4500
003 EG-GICUC
005 20260404064809.0
008 260404s1946 sz ||||fr|||| 00| 0 fre d
040 _aEG-GiCUC
_cEG-GiCUC
_dEG-GiCUC
_eRda
_bfre
082 0 4 _221
_a341.72
_bBO . D
092 0 4 _221
099 _aLaw1 11 341.72 BO . D 1946
100 1 _aBonnet, Georges
_eAuteur
245 1 0 _aDéfense De La Paix De Washington Au Quai D'orsay :
_bAvec Huit Planches Hors Texte /
_cGeorges Bonnet.
264 1 _aGenève :
_bLes Éditions Du Cheval Ailė,
_c1946.
300 _a390 page :
_billustration ;
_c 24 cm.
336 _2rda contenu
_a texte
337 _2rda medias
_aOrdinateur
338 _2 transporteur rda
_a Ressource en ligne
504 _a
546 _aTexte en français
650 1 4 _2Droit international public
651 1 _2
856 4 0 _uhttps://fll.law.cu.edu.eg/fulltext/bks/B11-08448.pdf
905 _a50
942 _2ddc
_cBK
_e21
_n0
999 _c68550
_d68550